MARC

LEADER 00000nam0a2200000 4500
001 314512
005 20231102002703.0
035 |a (RuTPU)RU\TPU\book\339933 
035 |a RU\TPU\book\314599 
090 |a 314512 
100 |a 20160216d1982 k y0rusy5003 ca 
101 0 |a rus 
102 |a UA 
105 |a a z 001zy 
200 1 |a Техническая диагностика электронных систем  |e сборник научных трудов  |f Академия наук Украинской ССР (АН УССР), Институт проблем моделирования в энергетике (ИПМЭ) 
210 |a Киев  |c Наукова думка  |d 1982 
215 |a 172 с.  |c ил.  |d 20 см 
320 |a Библиография в конце статей 
606 1 |a Вычислительные системы  |x Техническая диагностика  |2 stltpush  |3 (RuTPU)RU\TPU\subj\4316  |9 32601 
610 0 |a высоконадежные системы 
610 0 |a электронные системы 
610 0 |a диагностика 
610 0 |a аппаратные средства 
610 0 |a технические системы 
610 0 |a программные средства 
675 |a 681.324.004  |z rus  |v 3 
712 0 2 |a Академия наук Украинской ССР (АН УССР)  |b Институт проблем моделирования в энергетике (ИПМЭ)  |c (Киев)  |2 stltpush  |3 (RuTPU)RU\TPU\col\7445 
801 0 |a RU  |b 63413507  |c 19950704  |g psbo 
801 1 |a RU  |b 63413507  |c 20150403 
801 2 |a RU  |b 63413507  |c 20200629  |g RCR 
942 |c BK